| 000 | 00769nam a22002777a 4500 | ||
|---|---|---|---|
| 003 | OSt | ||
| 008 | 260224b2025 |||||||| |||| 00| 0 eng d | ||
| 020 | _a9789357054584 | ||
| 082 |
_a658.4012 _bWHI-E |
||
| 100 | _aWhittington, Richard | ||
| 245 |
_aExploring strategy : _btext and cases / _cRichard Whittington....[et al.] |
||
| 250 | _a12th | ||
| 260 |
_aNoida : _bPearson, _c2025. |
||
| 300 | _axxvi, 809 p. ; | ||
| 650 | _aStrategic management | ||
| 650 | _aBusiness Planning | ||
| 650 | _aCorporate governance | ||
| 650 | _aEntrepreneurship | ||
| 650 | _aOrganizational Change | ||
| 650 | _aInnovating Management | ||
| 700 | _aRegner, Patrick | ||
| 700 | _aAngwin, Duncan | ||
| 700 | _aJohnson, Gerry | ||
| 700 | _aSholes, Kevan | ||
| 942 |
_2ddc _cBK |
||
| 999 |
_c21420 _d21420 |
||